| 000 | 00000cam 2200000zi 4500 |
| 001 | 9.958640 |
| 003 | CaOODSP |
| 005 | 20260112160916 |
| 006 | m o d f |
| 007 | cr mn||||||||| |
| 008 | 251230e202512##onc o f000 0 fre d |
| 020 | |a9780660978536 |
| 040 | |aCaOODSP|bfre|erda|cCaOODSP |
| 043 | |an-cn--- |
| 086 | 1 |aM4-285/1-2025F-PDF |
| 245 | 02|aL'Initiative interministérielle sur la science inclusive : |bles prix d'excellence en sciences inclusives et les critères de sélection des reconnaissances. |
| 246 | 10|aPrix d'excellence en sciences inclusives et les critères de sélection des reconnaissances |
| 264 | 1|a[Ottawa] : |bGouvernement du Canada = Government of Canada, |cdécembre 2025. |
| 264 | 4|c©2025 |
| 300 | |a1 ressource en ligne (5 pages) |
| 336 | |atexte|btxt|2rdacontent/fre |
| 337 | |ainformatique|bc|2rdamedia/fre |
| 338 | |aressource en ligne|bcr|2rdacarrier/fre |
| 500 | |aTitre de la couverture. |
| 500 | |aPublié aussi en anglais sous le titre : The Interdepartmental Inclusive Science Initiative : the Inclusive Science Excellence Awards and recognition selection criteria. |
| 520 | |a« L'Initiative interministérielle sur la science inclusive (IISI) est un effort collectif des ministères et organismes à vocation scientifique (MOVS) au sein du gouvernement fédéral visant à lutter activement contre toutes les formes de discrimination et d'exclusion en science, tout en favorisant un environnement où tous les employés se sentent habilités et en sécurité pour produire une science représentative des populations vivant au Canada. Les Prix d'Excellence en Sciences Inclusives (PESI) reconnaissent les individus ou équipes du gouvernement fédéral qui ont démontré des contributions exceptionnelles à l'excellence scientifique tout en faisant progresser l'inclusion, la diversité, l'équité et l'accessibilité (IDEA), les principes de l'analyse comparative entre les sexes plus (ACS Plus) ou l'intégration des systèmes de connaissances autochtones (SCA) avec la recherhce, la réglementation, les politiques et la pratique. Il existe trois prix distincts : le Prix pour l'innovation et les meilleures pratiques en sciences inclusives, le Prix d'excellence en leadership scientifique inclusif, et le Prix de la recherche ou de la réglementation en sciences inclusives » -- Objectif, page 1. |
| 550 | |aPublié par : Ressources naturelles Canada. |
| 650 | 6|aFonction publique|xPrix et récompenses|zCanada. |
| 650 | 6|aExcellence|xPrix et récompenses|zCanada. |
| 650 | 6|aPolitique scientifique et technique|xPrix et récompenses|zCanada. |
| 650 | 6|aSciences|xAspect social|xPrix et récompenses|zCanada. |
| 710 | 1 |aCanada. |bRessources naturelles Canada, |eorganisme de publication. |
| 775 | 08|tThe Interdepartmental Inclusive Science Initiative : |w(CaOODSP)9.958641 |
| 856 | 40|qPDF|s501 Ko|uhttps://publications.gc.ca/collections/collection_2026/rncan-nrcan/M4-285-1-2025-fra.pdf |